| 000 | 00747nam a22002297a 4500 | ||
|---|---|---|---|
| 999 |
_c20968 _d20968 |
||
| 003 | AR-CdUCM | ||
| 008 | 190610b ||||| |||| 00| 0 spa d | ||
| 040 |
_aMUNICIPALIDAD PROVINCIAL DEL CUSCO _cBIBLIOTECA MUNICIPAL DEL CUSCO |
||
| 082 |
_a301 / _bB48 |
||
| 100 |
_aBiesanz, John _943750 |
||
| 245 | _aLa sociedad moderna / | ||
| 260 |
_aMéxico, D. F. : _bLetras, _c1969. |
||
| 300 |
_a745 páginas ; _c23 cm. |
||
| 500 | _a[libro reempastado | ||
| 505 | _aContenido: La ciencia y la ciencia social -- Naturaleza de la cultura -- Las funciones de la cultura... | ||
| 650 |
_aCultura _9126 |
||
| 650 |
_aLa sociedad _99236 |
||
| 650 |
_aSociedad moderna _943751 |
||
| 700 |
_aBesanz, Mavis, _943752 |
||
| 942 |
_2ddc _cLIBROS |
||
| 945 | _aAndy | ||